|
|
|
|
| LEADER |
02537nkm a2200481 a 4500 |
| 001 |
mzk03001174810 |
| 003 |
CZ BrMZK |
| 005 |
20130410150305.0 |
| 007 |
kj|co| |
| 008 |
120313s1888 au ||| f || k|cze|d |
| 040 |
|
|
|a BOA001
|b cze
|
| 044 |
|
|
|a au
|a xr
|
| 072 |
|
7 |
|a 003
|x Systémy psaní a písma
|2 Konspekt
|9 11
|
| 072 |
|
7 |
|a 76
|x Grafické umění. Grafika
|2 Konspekt
|9 21
|
| 080 |
|
|
|a 655.34
|2 MRF
|
| 080 |
|
|
|a 784.71
|2 MRF
|
| 080 |
|
|
|a (436.1)
|2 MRF
|
| 080 |
|
|
|a 003.62
|2 MRF
|
| 080 |
|
|
|a (0.026.6)76
|2 MRF
|
| 100 |
1 |
|
|a Rössler, Rudolf,
|d nar. 1864
|4 aut
|
| 245 |
1 |
0 |
|a Zachovej nám, Hospodine
|h [grafika] :
|b Národní hymna. Na památku dne 2. prosince 1888 illustrovaná od umělců rakouských. Cena 80 kr. Jedná část ryzího výnosu věnována c. kr. vychovatelně dcer důstojnických v Hernalsu. V devateru vydání: Českém, německém, vlaském, polském, rusínském, slovinském, srbském, chorvatském a rumunském /
|c C. Angerer & Göschl ; Rud. Rössler
|
| 260 |
|
|
|a ve Vídni ;
|a a v Praze :
|b Nakladatel F. Tempsky ve Vídni a v Praze. Papír z továrny Ebenfurtské. Tisk z tiskárny "Steyrermühl" a Fr. Jaspra ve Vídni. Fototypie C. Angerera & Göschla,
|c 1888
|
| 300 |
|
|
|a 1 list :
|b fototypie, barev. ;
|c 44,5 x
|
| 500 |
|
|
|a Na první straně v ozdobném rámci císařská orlice s vavřínovou ratolestí, na vnitřním listu busta Františka Josefa obklopená anděly a alegorickými postavami. Andílek uprostřed nese nápisovou desku Viribvs Vnitis
|
| 590 |
|
|
|a Potrhané okraje, v levém dolním rohu mapa od vody, list je poškozen foxingem
|
| 650 |
|
7 |
|a tisk z plochy
|7 ph126650
|2 czenas
|
| 650 |
|
7 |
|a symboly
|7 ph126351
|2 czenas
|
| 650 |
|
7 |
|a národní hymny
|7 ph173234
|2 czenas
|
| 655 |
|
7 |
|a grafické listy
|7 fd132404
|2 czenas
|
| 651 |
|
7 |
|a Vídeň (Rakousko : oblast)
|7 ge311468
|2 czenas
|
| 700 |
1 |
|
|a Angerer, Carl,
|d 1838-1916
|4 pbl
|
| 700 |
1 |
|
|a Göschl, Alexander,
|d 1848-1900
|4 pbl
|
| 700 |
1 |
|
|a Tempsky, Friedrich,
|d 1821-1902
|7 jx20080609014
|4 pbl
|
| 700 |
1 |
|
|a Jasper, Friedrich,
|d 1847-1938
|4 pbl
|
| 700 |
0 |
|
|a František Josef
|b I.,
|c rakouský císař,
|d 1830-1916
|7 jn19981001234
|4 hnr
|
| 856 |
4 |
1 |
|u https://imageserver.mzk.cz/mzk03/001/174/810/3281G028006.1
|y Digitalizovaný dokument
|
| 856 |
4 |
1 |
|u https://imageserver.mzk.cz/mzk03/001/174/810/3281G028006.2
|y Digitalizovaný dokument
|
| 910 |
|
|
|e BOE950
|c R - GR - 0000.007
|
| 985 |
|
|
|a 1851-1900
|
| 990 |
|
|
|a GP
|
| 996 |
|
|
|e BOE950
|c R - GR - 0000.007
|
| 980 |
|
|
|c 280006
|g R - GR - 0000.007
|1 3281G028006
|
| 991 |
|
|
|k rajhrad
|